| 000 | 00672nam a2200205 i 4500 | ||
|---|---|---|---|
| 001 | 172456 | ||
| 003 | ES-MaACL | ||
| 005 | 20230906214924.0 | ||
| 008 | 090708s1979 sp |||| | spa d | ||
| 017 | _aM 34545-1979 | ||
| 020 | _a84-300-1577-9 | ||
| 080 | _a343.1(460)(07) | ||
| 100 | 0 |
_aAragoneses Alonso, Pedro. _922207 |
|
| 245 | 1 | 0 |
_aInstituciones de derecho procesal penal. _nI / _cPedro Aragoneses Alonso. |
| 250 | _a2ª ed., corr. y adapt. a la legislación vigente. | ||
| 260 |
_aMadrid : _b[s.n.], _c1979 ( _fGráficas Encinas) |
||
| 300 |
_a404 p. ; _c24 cm. |
||
| 650 | 0 | 4 |
_aProcedimiento penal- _zEspaña. _916429 |
| 852 |
_aES-MaACL _jE-12771 _9R.143562 |
||
| 999 |
_c172456 _d172456 |
||